书目信息 |
| 题名: |
科学年鉴 1982
|
|
| 作者: | 诺尔特 主编 | |
| 分册: | ||
| 出版信息: | 北京 科学出版社 1984.7 |
|
| 页数: | 230页 | |
| 开本: | 26cm | |
| 丛书名: | ||
| 单 册: | ||
| 中图分类: | N54 | |
| 科图分类: | ||
| 主题词: | 自然科学--年鉴 , 自然科学--年刊 | |
| 电子资源: | ||
| ISBN: | ||
| 000 | 00557nam0 2200205 45 | |
| 001 | 0312221749 | |
| 005 | 20031222170920.2 | |
| 010 | @dCNY1.90 | |
| 100 | @a20031222d1984 km y0chiy0120 ea | |
| 101 | @achi | |
| 105 | @a z 000yy | |
| 200 | 1 | @a科学年鉴 1982@AKe Xue Nian Jian 1982@f(美)诺尔特主编@F(Mei)Nuo Er Te Zhu Bian |
| 210 | @a北京@c科学出版社@d1984.7 | |
| 215 | @a230页@d26cm | |
| 606 | 0 | @a自然科学@x年鉴 |
| 606 | 0 | @a自然科学@x年刊 |
| 690 | @aN54@v3 | |
| 701 | 0 | @a诺尔特@4主编 |
| 801 | @aCN@bTSTCL@c20031222 | |
| 905 | @a213230@dN54@e120:1982 | |
| 科学年鉴 1982/(美)诺尔特主编.-北京:科学出版社,1984.7 |
| 230页;26cm |
| ISBN :CNY1.90 |
| ● |
| 相关链接 |
|
|
|
|
正题名:科学年鉴 1982
索取号:N54/120:1982
 
预约/预借
| 序号 | 登录号 | 条形码 | 馆藏地/架位号 | 状态 | 备注 |
| 1 | 0204617 | 001201498 | 第二样本阅览室/ [索取号:N54/120:1982] | 在馆 |